Cases and materials on constitutional and administrative law (Record no. 124838)

MARC details
000 -LEADER
fixed length control field 00759nam a2200241Ia 4500
008 - FIXED-LENGTH DATA ELEMENTS--GENERAL INFORMATION
fixed length control field 191130s2008##################000#0#eng##
020 ## - INTERNATIONAL STANDARD BOOK NUMBER
ISBN 9780199217779
082 ## - DEWEY DECIMAL CLASSIFICATION NUMBER
Classification number 34410026 ALL
100 ## - MAIN ENTRY--AUTHOR NAME
Personal name Allen, M. J
245 ## - TITLE STATEMENT
Title Cases and materials on constitutional and administrative law
Statement of responsibility, etc Michael J. Allen, Brian Thompson
250 ## - EDITION STATEMENT
Edition statement 9th ed
260 ## - PUBLICATION, DISTRIBUTION, ETC. (IMPRINT)
Place of publication Oxford
Name of publisher Oxford University Press
Year of publication c2008
300 ## - PHYSICAL DESCRIPTION
Number of Pages xxxvi, 752 p. : ill. ; 25 cm
500 ## - GENERAL NOTE
General note Includes index
650 ## - SUBJECT ADDED ENTRY--TOPICAL TERM
Topical Term Administrative law - Great Britain - Cases
Topical Term Constitutional law - Great Britain - Cases
700 ## - ADDED ENTRY--PERSONAL NAME
Personal name Thompson, Brian
991 ## -
-- 245378
Holdings
Withdrawn status Lost status Damaged status Not for loan Home library Current library Shelving location Date acquired Full call number Accession Number Price effective from Koha item type
        Anna Centenary Library Anna Centenary Library 4TH FLOOR, A WING 12.10.2020 34410026 ALL 108199 12.10.2020 English Books

Find us on the map